Actors who worked with Woody Allen - Statistics

General Stats
  • This quiz has been taken 122 times
  • The average score is 54 of 278
Answer Stats
Films Answer % Correct
Blue Jasmine Louis C. K.
93%
Annie Hall, Manhattan, Manhattan Murder Mystery, Love and Death, Sleeper, Radio Days, Interiors Diane Keaton
91%
Vicky Cristina Barcelona, Match Point, Scoop Scarlett Johansson
84%
Hannah and Her Sisters, The Purple Rose of Cairo, Crimes and Misdemeanors, Zelig, Radio Days, Husbands and Wives, Broadway Danny Rose, Another Woman, Shadows and Fog, A Midsummer Night's Sex Comedy, Alice, September Mia Farrow
76%
Vicky Cristina Barcelona, To Rome with Love Penélope Cruz
76%
Hannah and Her Sisters Michael Caine
71%
Blue Jasmine Cate Blanchett
69%
The Purple Rose of Cairo, Zelig Stephanie Farrow
69%
Vicky Cristina Barcelona Javier Bardem
67%
Midnight in Paris Owen Wilson
67%
Mighty Aphrodite Mira Sorvino
62%
Crimes and Misdemeanors, Manhattan Murder Mystery, Everyone Says I Love You Alan Alda
53%
Hannah and Her Sisters, The Purple Rose of Cairo, Radio Days, September Dianne Wiest
53%
Wonder Wheel Kate Winslet
53%
Manhattan Meryl Streep
53%
Bullets Over Broadway, Shadows and Fog John Cusack
49%
Everyone Says I Love You Julia Roberts
49%
Midnight in Paris, Shadows and Fog Kathy Bates
49%
Celebrity Leonardo DiCaprio
49%
Midnight in Paris Marion Cotillard
49%
Blue Jasmine, To Rome with Love, Alice Alec Baldwin
47%
Celebrity Kenneth Branagh
47%
Annie Hall, Radio Days, Stardust Memories, A Midsummer Night's Sex Comedy Tony Roberts
47%
A Rainy Day in New York Selena Gomez
44%
Cassandra's Dream Colin Farrell
42%
A Rainy Day in New York Jude Law
42%
Sweet and Lowdown Sean Penn
42%
A Rainy Day in New York Timothée Chalamet
42%
Midnight in Paris Adrien Brody
40%
Magic in the Moonlight Colin Firth
40%
Café Society Kristen Stewart
40%
Irrational Man, Magic in the Moonlight Emma Stone
38%
Café Society, To Rome with Love Jesse Eisenberg
38%
Irrational Man Joaquin Phoenix
38%
Midnight in Paris Rachel McAdams
38%
Deconstructing Harry Robin Williams
38%
Manhattan, Radio Days, Rifkin's Festival, The Curse of the Jade Scorpion, Shadows and Fog, Melinda and Melinda Wallace Shawn
38%
Deconstructing Harry Demi Moore
36%
To Rome with Love Elliot Page
36%
Interiors Geraldine Page
36%
Match Point Jonathan Rhys Meyers
36%
Manhattan, Deconstructing Harry Mariel Hemingway
36%
Stardust Memories Sharon Stone
36%
Deconstructing Harry Stephanie Roth
36%
Everyone Says I Love You Tim Roth
36%
Celebrity, The Curse of the Jade Scorpion Charlize Theron
33%
Whatever Works Evan Rachel Wood
33%
Mighty Aphrodite Helena Bonham Carter
33%
Small Time Crooks Hugh Grant
33%
The Purple Rose of Cairo John Wood
33%
Shadows and Fog Madonna
33%
Crimes and Misdemeanors Martin Landau
33%
Hannah and Her Sisters Max von Sydow
33%
Celebrity Melanie Griffith
33%
Everyone Says I Love You Natalie Portman
33%
Deconstructing Harry Billy Crystal
31%
Everyone Says I Love You Drew Barrymore
31%
A Rainy Day in New York Elle Fanning
31%
Everyone Says I Love You Goldie Hawn
31%
The Purple Rose of Cairo, Radio Days Jeff Daniels
31%
Interiors Kristin Griffith
31%
Radio Days, Whatever Works Larry David
31%
To Rome with Love Roberto Benigni
31%
Midnight in Paris Carla Bruni
29%
Annie Hall Christopher Walken
29%
Match Point Emily Mortimer
29%
To Rome with Love, Deconstructing Harry, Husbands and Wives, Celebrity, Alice Judy Davis
29%
Vicky Cristina Barcelona, A Rainy Day in New York Rebecca Hall
29%
Midnight in Paris Tom Hiddleston
29%
Bullets Over Broadway, Small Time Crooks Tracey Ullman
29%
Crimes and Misdemeanors, Manhattan Murder Mystery Anjelica Huston
27%
You Will Meet a Tall Dark Stranger Anthony Hopkins
27%
The Purple Rose of Cairo, Radio Days Danny Aiello
27%
The Curse of the Jade Scorpion Helen Hunt
27%
Annie Hall Paul Simon
27%
Husbands and Wives Sydney Pollack
27%
You Will Meet a Tall Dark Stranger Antonio Banderas
24%
Crisis in Six Scenes Elaine May
24%
You Will Meet a Tall Dark Stranger Gemma Jones
24%
Husbands and Wives Liam Neeson
24%
Midnight in Paris Michael Sheen
24%
Café Society, Melinda and Melinda Steve Carell
24%
Manhattan Anne Byrne Hoffman
22%
Hannah and Her Sisters Barbara Hershey
22%
Another Woman Gene Hackman
22%
Everything You Always Wanted to Know About Sex * But Were Afraid to Ask Gene Wilder
22%
Scoop Hugh Jackman
22%
Bullets Over Broadway Jennifer Tilly
22%
Shadows and Fog Jodie Foster
22%
Hannah and Her Sisters John Turturro
22%
Midnight in Paris Léa Seydoux
22%
Blue Jasmine, Cassandra's Dream Sally Hawkins
22%
Annie Hall Shelley Duvall
22%
Celebrity Winona Ryder
22%
Midnight in Paris, To Rome with Love Alison Pill
20%
Hannah and Her Sisters Carrie Fisher
20%
Anything Else Danny DeVito
20%
Everyone Says I Love You Edward Norton
20%
Hannah and Her Sisters, Deconstructing Harry Julia Louis-Dreyfus
20%
Husbands and Wives Juliette Lewis
20%
You Will Meet a Tall Dark Stranger Naomi Watts
20%
Bananas Nati Abascal
20%
Annie Hall Sigourney Weaver
20%
Sweet and Lockdown Uma Thurman
20%
Café Society Blake Lively
18%
Bullets Over Broadway Chazz Palminteri
18%
Midnight in Paris, Café Society Corey Stoll
18%
Cassandra's Dream Ewan McGregor
18%
Magic in the Moonlight Jacki Weaver
18%
Wonder Wheel Justin Timberlake
18%
A Rainy Day in New York Liev Schreiber
18%
Crisis in Six Scenes Miley Cyrus
18%
Vicky Cristina Barcelona Pablo Schreiber
18%
Radio Days Seth Green
18%
Celebrity Allison Janney
16%
Whatever Works Conleth Hill
16%
A Rainy Day in New York Diego Luna
16%
Celebrity Jeffrey Wright
16%
Wonder Wheel Jim Belushi
16%
Celebrity J. K. Simmons
16%
Shadows and Fog John Malkovich
16%
A Midsummer Night's Sex Comedy José Ferrer
16%
You Will Meet a Tall Dark Stranger, Melinda and Melinda Josh Brolin
16%
Vicky Cristina Barcelona Kevin Dunn
16%
Hannah and Her Sisters, Crisis in Six Scenes Lewis Black
16%
Interiors Mary Beth Hurt
16%
Manhattan Michael Murphy
16%
Sweet and Lowdown Samantha Morton
16%
Melinda and Melinda Will Ferrell
16%
Alice William Hurt
16%
Blue Jasmine Andrew Dice Clay
13%
Annie Hall Carol Kane
13%
Anything Else Christina Ricci
13%
Rifkin's Festival Christoph Waltz
13%
The Curse of the Jade Scorpion Dan Aykroyd
13%
To Rome with Love Greta Gerwig
13%
Anything Else Jason Biggs
13%
Annie Hall Jeff Goldblum
13%
Stardust Memories Jessica Harper
13%
Bullets Over Broadway Jim Broadbent
13%
Melinda and Melinda Jonny Lee Miller
13%
Wonder Wheel Juno Temple
13%
Melinda and Melinda Radha Mitchell
13%
Bullets Over Broadway Rob Reiner
13%
Hollywood Ending Téa Leoni
13%
Blue Jasmine Bobby Cannavale
11%
Match Point Brian Cox
11%
Stardust Memories Charlotte Rampling
11%
Vicky Cristina Barcelona Chris Messina
11%
Hannah and Her Sisters, Stardust Memories Daniel Stern
11%
Celebrity Dylan Baker
11%
Rifkin's Festival Elena Anaya
11%
Another Woman Gena Rowlands
11%
Whatever Works Henry Cavill
11%
Another Woman Ian Holm
11%
Shadows and Fog John C. Reilly
11%
Everyone Says I Love You Lukas Haas
11%
Hannah and Her Sisters Maureen O'Sullivan
11%
Midnight in Paris Mimi Kennedy
11%
Café Society, Irrational Man Parker Posey
11%
Vicky Cristina Barcelona, Whatever Works Patricia Clarkson
11%
Deconstructing Harry Stanley Tucci
11%
Cassandra's Dream Tom Wilkinson
11%
Shadows and Fog William H. Macy
11%
Melinda and Melinda Amanda Peet
9%
Everyone Says I Love You, Mighty Aphrodite, Another Woman, The Curse of the Jade Scorpion David Ogden Stiers
9%
Whatever Works Ed Begley Jr.
9%
Bullets Over Broadway Edie Falco
9%
Anything Else Fisher Stevens
9%
Mighty Aphrodite F. Murray Abraham
9%
Celebrity Hank Azaria
9%
Scoop Ian McShane
9%
Café Society Jeannie Berlin
9%
Manhattan Murder Mystery Jerry Adler
9%
Anything Else Jimmy Fallon
9%
Hannah and Her Sisters, Crimes and Misdemeanors Joanna Gleason
9%
Sleeper John Beck
9%
Midnight in Paris Kurt Fuller
9%
Bananas, Everything You Always Wanted to Know About Sex * But Were Afraid to Ask Louise Lasser
9%
Bullets Over Broadway Mary-Louise Parker
9%
Match Point Matthew Goode
9%
Blue Jasmine, Wonder Wheel Max Casella
9%
Mighty Aphrodite, Small Time Crooks, Crisis in Six Scenes Michael Rapaport
9%
You Will Meet a Tall Dark Stranger Pauline Collins
9%
Blue Jasmine Peter Sarsgaard
9%
Celebrity Sam Rockwell
9%
Deconstructing Harry Tobey Maguire
9%
Everything You Always Wanted to Know About Sex * But Were Afraid to Ask Tony Randall
9%
Blue Jasmine Alden Ehrenreich
7%
Husbands and Wives, Another Woman, Alice Blythe Danner
7%
Deconstructing Harry Bob Balaban
7%
Blue Jasmine Charlie Tahan
7%
Melinda and Melinda Chiwetel Ejiofor
7%
Melinda and Melinda Chloe Sevigny
7%
Wonder Wheel David Krumholtz
7%
The Purple Rose of Cairo, Don't Drink the Water Edward Herrmann
7%
Celebrity Famke Janssen
7%
Manhattan, Crimes and Misdemeanors Frances Conroy
7%
You Will Meet a Tall Dark Stranger Freida Pinto
7%
Hollywood Ending George Hamilton
7%
Cassandra's Dream Hayley Atwell
7%
The Purple Rose of Cairo, Deconstructing Harry, Stardust Memories Irving Metzman
7%
Everyone Says I Love You Isiah Whitlock Jr.
7%
Bullets Over Broadway, Mighty Aphrodite, September Jack Warden
7%
Annie Hall, Take the Money and Run Janet Margolin
7%
Deconstructing Harry Jennifer Garner
7%
Celebrity, Alice Joe Mantegna
7%
The Purple Rose of Cairo, Zelig, Stardust Memories John Rothman
7%
Don't Drink the Water Josef Sommer
7%
Celebrity, Small Time Crooks, Melinda and Melinda Larry Pine
7%
Hannah and Her Sisters Lloyd Nolan
7%
Magic in the Moonlight Marcia Gay Harden
7%
Stardust Memories Marie-Christine Barrault
7%
Sleeper Mary Gregory
7%
A Midsummer Night's Sex Comedy Mary Steenburgen
7%
Don't Drink the Water Michael J. Fox
7%
Whatever Works Michael McKean
7%
Blue Jasmine Michael Stuhlbarg
7%
Broadway Danny Rose Nick Apollo Forte
7%
Midnight in Paris Nina Arianda
7%
Deconstructing Harry, Mighty Aphrodite Paul Giamatti
7%
The Purple Rose of Cairo, Radio Days, Bullets Over Broadway, Mighty Aphrodite Paul Herman
7%
Deconstructing Harry Richard Benjamin
7%
Hannah and Her Sisters Richard Jenkins
7%
Interiors Richard Jordan
7%
Husbands and Wives Ron Rifkin
7%
Hannah and Her Sisters, Crimes and Misdemeanors, Interiors, September Sam Waterston
7%
Broadway Danny Rose Sandy Baron
7%
Magic in the Moonlight Simon McBurney
7%
Anything Else Stockard Channing
7%
Blue Jasmine | Rifkin's Festival Tammy Blanchard
7%
You Will Meet a Tall Dark Stranger Theo James
7%
Deconstructing Harry, Mighty Aphrodite, Celebrity Tony Darrow
7%
Everything You Always Wanted to Know About Sex * But Were Afraid to Ask Anthony Quayle
4%
Bananas Carlos Montalbán
4%
Scoop Charles Dance
4%
Crisis in Six Scenes David Harbour
4%
Don't Drink the Water Ed Herlihy
4%
Magic in the Moonlight Eileen Atkins
4%
Rifkin's Festival Enrique Arce
4%
Match Point | You Will Meet a Tall Dark Stranger Ewen Bremner
4%
Everyone Says I Love You Gaby Hoffmann
4%
Rifkin's Festival Gina Gershon
4%
Magic in the Moonlight Hamish Linklater
4%
Love and Death Harold Gould
4%
Another Woman Harris Yulin
4%
Take the Money and Run Jacquelyn Hyde
4%
Match Point James Nesbitt
4%
Irrational Man Jamie Blackley
4%
Take the Money and Run Jan Merlin
4%
Zelig John Buckwalter
4%
Everything You Always Wanted to Know About Sex * But Were Afraid to Ask John Carradine
4%
Scoop Julian Glover
4%
A Midsummer Night's Sex Comedy Julie Hagerty
4%
Scoop Kevin McNally
4%
Take the Money and Run Lonny Chapman
4%
Rifkin's Festival Louis Garrel
4%
Everything You Always Wanted to Know About Sex * But Were Afraid to Ask Lou Jacobi
4%
Manhattan Murder Mystery, Deconstructing Harry Lynn Cohen
4%
Take the Money and Run Marcel Hillaire
4%
Midnight in Paris, Blue Jasmine, Vicky Cristina Barcelona, Café Society, Anything Else, Celebrity, Small Time Crooks, The Curse of the Jade Scorpion, Hollywood Ending Maurice Sonnenberg
4%
Don't Drink the Water Mayim Bialik
4%
Radio Days Mike Starr
4%
Love and Death Olga Georges-Picot
4%
Match Point Penelope Wilton
4%
The Purple Rose of Cairo, Deconstructing Harry, Radio Days, Bullets Over Broadway, Broadway Danny Rose, Celebrity Peter Castellotti
4%
Crisis in Six Scenes Rachel Brosnahan
4%
Rifkin's Festival Richard Kind
4%
Radio Days, Shadows and Fog Robert Joy
4%
Don't Drink the Water Robert Stanton
4%
Scoop Romola Garai
4%
Hollywood Ending Tiffani Thiessen
4%
Manhattan Murder Mystery Zach Braff
4%
You Will Meet a Tall Dark Stranger Anupam Kher
2%
Blue Jasmine, Café Society, Irrational Man Tom Kemp
2%
Match Point Mark Gatiss
0%
No matching quizzes found
Score Distribution
Percent of People with Each Score
Percentile by Number Answered
Your Score History
You have not taken this quiz